Online
Catalog

Grammaire : (Record no. 35626)

MARC details
000 -CABECERA
campo de control de longitud fija 00516nam a2200157 a 4500
001 - NÚMERO DE CONTROL
campo de control 000036135
005 - FECHA Y HORA DE LA ÚLTIMA TRANSACCIÓN
campo de control 20200930074916.0
008 - DATOS DE LONGITUD FIJA--INFORMACIÓN GENERAL
campo de control de longitud fija 111031s2004 fr a 000 0 spa d
040 ## - FUENTE DE LA CATALOGACIÓN
Centro catalogador/agencia de origen DO-SdBNP
Lengua de catalogación spa
Centro/agencia transcriptor BNPHU
082 ## - NÚMERO DE LA CLASIFICACIÓN DECIMAL DEWEY
Número de clasificación xxxx
Número de documento/Ítem A919g
100 1# - ENTRADA PRINCIPAL--NOMBRE DE PERSONA
Nombre de persona Augé, Claude,
Fechas asociadas al nombre 1854-1924
9 (RLIN) 62172
245 10 - MENCIÓN DE TÍTULO
Título Grammaire :
Resto del título cours supérieur /
Mención de responsabilidad, etc. Claude Augé.
260 ## - PUBLICACIÓN, DISTRIBUCIÓN, ETC.
Lugar de publicación, distribución, etc. Paris :
Nombre del editor, distribuidor, etc. Librairie Larousse,
Fecha de publicación, distribución, etc. [19--?].
300 ## - DESCRIPCIÓN FÍSICA
Extensión 472 p. :
Otras características físicas il. ;
Dimensiones 18 cm.
590 ## - NOTA LOCAL (RLIN)
Nota local Perteneció a la biblioteca personal de Juan Isidro Jimenes Grullón
Holdings
Estado de retiro Estado de pérdida Restricciones de uso No para préstamo Código de colección Localización permanente Ubicación/localización actual Ubicación en estantería Fecha de adquisición Número de inventario Total de préstamos Signatura topográfica completa Código de barras Fecha visto por última vez Precio válido a partir de Tipo de ítem Koha Nota pública
      Excluido de préstamo Monografías: Libros y Folletos General General En catalogación 16.12.2011 LF1   xxxx A919g 36135-10 25.06.2020 25.06.2020 No se presta Perteneció a la biblioteca personal de Juan Isidro Jimenes Grullón

Powered by Koha